| 000 | 02204cam a2200421 i 4500 | ||
|---|---|---|---|
| 003 | EG-GICUC | ||
| 005 | 20260414110839.0 | ||
| 008 | 130604s2013 nyu frb 001 0 eng d | ||
| 020 |
_a9781454809944 _qalk. paper |
||
| 035 | _a17763728 | ||
| 040 |
_aDLC _beng _cDLC _erda _dDLC _dEG-GICUC |
||
| 043 | _an-us--- | ||
| 050 | 0 | 0 |
_aKF974 _b.C37 2013 |
| 082 | 0 | 0 |
_a342.06 _221 |
| 092 | 0 | 4 | _221 |
| 099 | _aLaw 13 2013 | ||
| 100 | 1 |
_aCarnell, Richard Scott, _d1953- _eauthor. |
|
| 245 | 1 | 4 |
_aThe law of financial institutions / _cRichard Scott Carnell, Associate Professor of Law, Fordham University; Jonathan R. Macey, Deputy Dean and Sam Harris Professor of Corporate Law, Corporate Finance, and Securities Law, Yale University; Geoffrey P. Miller, Stuyvesant P. Comfort Professor of Law, Director, Center for the Study of Central Banks and Financial Institutions, New York University. |
| 250 | _aFifth edition. | ||
| 264 | 1 |
_aNew York : _bWolters Kluwer Law & Business, _c2013. |
|
| 300 |
_axxxii, 822 pages ; _c26 cm. |
||
| 336 |
_atext _2rdacontent |
||
| 337 |
_aComputer _2rdamedia |
||
| 338 |
_aOnline Resource _2rdacarrier |
||
| 490 | 0 | _aAspen casebook series | |
| 504 | _aIncludes bibliographical references and index. | ||
| 505 | 0 | _aIntroduction and overview -- Getting started -- Banking powers -- Geographic expansion -- Safety and soundness -- Deposit insurance -- Consumer protection and basic financial services -- Affiliations -- Examination and enforcement -- Bank failure -- Introduction and overview -- Insurers -- Securities broker dealers -- Investment companies -- Structured finance, securitization, swaps, and derivatives. | |
| 650 | 0 |
_aBanking law _zUnited States. |
|
| 650 | 0 |
_aFinancial services industry _xLaw and legislation _zUnited States. |
|
| 651 | 1 | _2qrmak | |
| 655 | 7 |
_aCasebooks (Law) _2lcgft |
|
| 700 | 1 |
_aMacey, Jonathan R., _eauthor. |
|
| 700 | 1 |
_aMiller, Geoffrey P., _eauthor. |
|
| 775 | 0 | 8 |
_iRevision of: _aCarnell, Richard Scott, 1953- _tLaw of banking and financial institutions _b4th ed. _dAustin : Wolters Kluwer Law & Business, c2009 |
| 856 | 4 | 0 | _uhttps://fll.law.cu.edu.eg/fulltext/bks/ENGB13-00065.pdf |
| 905 | _a10 | ||
| 942 |
_2ddc _cBK _e21 _n0 |
||
| 999 |
_c70821 _d70821 |
||